Revista de la Real Academia Hispanoamericana de Ciencias y Artes. (Record no. 1756)
[ view plain ]
| 000 -LEADER | |
|---|---|
| campo de control de longitud fija | 01168nas a2200313 i 4500 |
| 001 - NÚMERO DE CONTROL | |
| campo de control | 1756 |
| 003 - IDENTIFICADOR DE NÚMERO DE CONTROL | |
| campo de control | ES-MaACL |
| 005 - FECHA Y HORA DE LA ÚLTIMA TRANSACCIÓN | |
| campo de control | 20250814062554.0 |
| 007 - CAMPO FIJO DE DESCRIPCIÓN FÍSICA--INFORMACIÓN GENERAL | |
| campo de control de longitud fija | t| |
| 008 - DATOS DE LONGITUD FIJA--INFORMACIÓN GENERAL | |
| campo de control de longitud fija | 950801d19211936sp m| | 1 ||pa d |
| 080 ## - NÚMERO DE LA CLASIFICACIÓN DECIMAL UNIVERSAL | |
| Número de la Clasificación Decimal Universal | (460) |
| 080 ## - NÚMERO DE LA CLASIFICACIÓN DECIMAL UNIVERSAL | |
| Número de la Clasificación Decimal Universal | 06 |
| 080 ## - NÚMERO DE LA CLASIFICACIÓN DECIMAL UNIVERSAL | |
| Número de la Clasificación Decimal Universal | 008 |
| 245 00 - MENCIÓN DEL TÍTULO | |
| Título | Revista de la Real Academia Hispanoamericana de Ciencias y Artes. |
| 246 13 - FORMA VARIANTE DEL TITULO | |
| Título propio/Titulo breve | Revista hispanoamericana de ciencias, letras y artes |
| 260 ## - PUBLICACIÓN, DISTRIBUCIÓN, ETC. | |
| Lugar de publicación, distribución, etc. | Madrid : |
| Nombre del editor, distribuidor, etc. | Imp. de Angel Alcoy, |
| Fecha de publicación, distribución, etc. | 1921-1936. |
| 300 ## - DESCRIPCIÓN FÍSICA | |
| Extensión | 11 v. : |
| Otras características físicas | grab. ; |
| Dimensiones | 24 cm. |
| 310 ## - PERIODICIDAD ACTUAL | |
| Periodicidad actual | Mensual |
| 362 0# - FECHAS DE PUBLICACIÓN Y/O DESIGNACIÓN SECUENCIAL | |
| Fecha de publicación y/o designación secuencial | Año 1, nº 1 (abr. 1921) - año 2, nº 15 (1922) ; Año 3, nº 16 (ag. 1924) - nº 158 (jun. 1936) |
| 500 ## - NOTA GENERAL | |
| Nota general | No se publicó de jul. 1922-jul. 1924. |
| 547 ## - NOTA DE RELACIÓN COMPLEJA CON LOS TÍTULOS ANTERIORES | |
| Nota de relación compleja con los títulos anteriores | Desde 1924 se titula: Revista hispanoamericana de ciencias, letras y artes. |
| 650 #4 - PUNTO DE ACCESO ADICIONAL DE MATERIA--TÉRMINO DE MATERIA | |
| Término de materia o nombre geográfico como elemento de entrada | Instituciones científicas y diversas |
| 9 (RLIN) | 13829 |
| 650 #7 - PUNTO DE ACCESO ADICIONAL DE MATERIA--TÉRMINO DE MATERIA | |
| Término de materia o nombre geográfico como elemento de entrada | Cultura |
| Fuente del encabezamiento o término | embne |
| 9 (RLIN) | 170963 |
| 700 1# - ENTRADA AGREGADA--NOMBRE PERSONAL | |
| Nombre de persona | Acevedo, Juan B., |
| Término indicativo de función/relación | |
| 9 (RLIN) | 227622 |
| 710 00 - ENTRADA AGREGADA--NOMBRE DE ENTIDAD CORPORATIVA | |
| Nombre de entidad corporativa o nombre de jurisdicción como elemento de entrada | Real Academia Hispanoamericana (Cádiz) |
| 9 (RLIN) | 6343 |
| 852 ## - LOCALIZACIÓN | |
| Ubicación | ES-MaACL |
| Número de control de estantería | HEM-H-338 |
| Encuadernación | Hem-1531 |
| Signatura antigua | |
| 866 #0 - MENCIÓN TEXTUAL DE FONDOS--UNIDAD BIBLIOGRÁFICA BÁSICA | |
| Fondos | 1921-22.1924(1925f.ene.y sep.)1926-32(1933f.en-ag)1934(1935f.jul.)1936. |
| Estatus retirado | Estado de pérdida | Estado de daño | No para préstamo | Colección | Biblioteca de origen | Biblioteca actual | Ubicación en estantería | Fecha de adquisición | Fuente de adquisición | Total de préstamos | Signatura topográfica completa | Código de barras | Visto por última vez | Precio de reemplazo | Tipo de ítem Koha |
|---|---|---|---|---|---|---|---|---|---|---|---|---|---|---|---|
| Periódicos y Revistas | Biblioteca del Ateneo de Madrid | Biblioteca del Ateneo de Madrid | Hemeroteca | 17/01/2008 | HEM-H-338 | 1001793 | 23/02/2023 | 23/02/2023 | Revista |
